Specifier (Record no. 79746)
[ view plain ]
| 000 -LEADER | |
|---|---|
| fixed length control field | 00764cab a22002055a 4500 |
| 001 - CONTROL NUMBER | |
| control field | L142217 |
| 008 - FIXED-LENGTH DATA ELEMENTS--GENERAL INFORMATION | |
| fixed length control field | 080129e20080129xxk f 000 0 eng d |
| 035 ## - SYSTEM CONTROL NUMBER | |
| System control number | (Sirsi) u142217 |
| 041 0# - LANGUAGE CODE | |
| Language code of text/sound track or separate title | eng |
| 100 1# - MAIN ENTRY--PERSONAL NAME | |
| Personal name | Kennett, Stephen |
| 245 00 - TITLE STATEMENT | |
| Title | Specifier |
| Remainder of title | flooring |
| 260 ## - PUBLICATION, DISTRIBUTION, ETC. | |
| Date of publication, distribution, etc. | 2008 |
| 490 #0 - SERIES STATEMENT | |
| Series statement | Building |
| Volume/sequential designation | 273(8513) 25 January 2008, 68-77(7) |
| 520 ## - SUMMARY, ETC. | |
| Summary, etc. | Discusses moves to bring flooring products in line with BRE?s environmental rating system and looks at the whole-life costs of slip resistant internal floor finishes. Also contains details of floor covering products and suppliers. |
| 590 ## - LOCAL NOTE (RLIN) | |
| Local note | KA |
| 651 #4 - SUBJECT ADDED ENTRY--GEOGRAPHIC NAME | |
| Geographic name | United Kingdom |
| Chronological subdivision | |
| 690 ## - LOCAL SUBJECT ADDED ENTRY--TOPICAL TERM (OCLC, RLIN) | |
| Topical term or geographic name as entry element | BUILT ENVIRONMENT-BUILDING ELEMENTS-COMPLETE BUILDING ELEMENTS-FLOORS |
| 700 1# - ADDED ENTRY--PERSONAL NAME | |
| Personal name | Mayer, Peter |
| 942 ## - ADDED ENTRY ELEMENTS (KOHA) | |
| Suppress in OPAC | 0 |
| Withdrawn status | Lost status | Source of classification or shelving scheme | Damaged status | Not for loan | Home library | Current library | Shelving location | Date acquired | Total Checkouts | Full call number | Barcode | Date last seen | Copy number | Price effective from | Koha item type |
|---|---|---|---|---|---|---|---|---|---|---|---|---|---|---|---|
| Dewey Decimal Classification | London | London | Journal article | 29/01/2008 | L142217 | 142217-1001 | 06/08/2019 | 1 | 06/08/2019 | Journal article |